01159nam a2200193Ia 4500001001100000003001000011008004100021040002500062041001300087100001800100245005700118250001100175260009200186300001200278500026200290501011400552520026200666650003700928L100-51428IT-CnALBA170116s9999||||xx |||||||||||||| ||und|| aIT-CnALBAcIT-CnALBA aITALIANO aBEESING MARIA 0aL'ENNEAGRAMMA. UN ITINERARIO ALLA SCOPERTA DI SÈ.  a1a ed. aCINISELLO BALSAMO (MI)bEDIZIONI PAOLINEc1993 [1° Ed.:1993 - Ed.Ling.Originale: 1993] a190 p.  aTRADUZIONE DALL'INGLESE. INTRODUZIONE. ALLA SCOPERTA DELLA PROPRIA COMPULSIONE. IDENTIFICAZIONE NELL'ENNEAGRAMMA. GESÙ SECONDO L'ENNEAGRAMMA. COMPRENSIONE DELLA COMPULSIONE, L'IO E IL MONDO. L'IO SENZA EQUILIBRIO. SUPERAMENTO DELLA PROPRIA COMPULSIONE. AZ aSocietà San Paolo EM - Piazza San Paolo, 14 - 12051 ALBA (CN) (non commercial uses only) ® Copyright 2017 aTRADUZIONE DALL'INGLESE. INTRODUZIONE. ALLA SCOPERTA DELLA PROPRIA COMPULSIONE. IDENTIFICAZIONE NELL'ENNEAGRAMMA. GESÙ SECONDO L'ENNEAGRAMMA. COMPRENSIONE DELLA COMPULSIONE, L'IO E IL MONDO. L'IO SENZA EQUILIBRIO. SUPERAMENTO DELLA PROPRIA COMPULSIONE. AZ aFILOSOFIA E DISCIPLINE COLLEGATE